Normal view
MARC view
Entry Corporate Name
001 - CONTROL NUMBER
- control field: 38899
003 - CONTROL NUMBER IDENTIFIER
- control field: ARRUPE
005 - DATE AND TIME OF LATEST TRANSACTION
- control field: 20180125143443.0
008 - FIXED-LENGTH DATA ELEMENTS
- fixed length control field: 180125|| aca||aabn | a|a d
040 ## - CATALOGING SOURCE
- Original cataloging agency: ARRUPE
- Transcribing agency: ARRUPE
110 ## - HEADING--CORPORATE NAME
- Corporate name or jurisdiction name as entry element: Portugal.
- Subordinate unit: Junta de Investigações do Ultramar.
- Subordinate unit: Centro de Estudos Missionários.
670 ## - SOURCE DATA FOUND
- Source citation: Work cat.: (ARRUPE)0: Peirone, Frederico José. 38896, A tribo ajaua do alto Niassa (Moçambique) e alguns aspectos da sua problemática neo-islâmica., 1967.